Agronomical investigations in rubber. (New developments in rubber production and processing. 3) (Record no. 54012)

MARC details
000 -LEADER
fixed length control field 00334nam a2200109Ia 4500
100 ## - MAIN ENTRY--AUTHOR NAME
Personal name Potti S N
245 #0 - TITLE STATEMENT
Title Agronomical investigations in rubber. (New developments in rubber production and processing. 3)
260 ## - PUBLICATION, DISTRIBUTION, ETC. (IMPRINT)
Name of publisher Rubber Board Bulletin
Year of publication 1982-83
300 ## - PHYSICAL DESCRIPTION
Number of Pages 9-Aug
942 ## - ADDED ENTRY ELEMENTS (KOHA)
Koha item type Journals
Holdings
Withdrawn status Lost status Damaged status Not for loan Home library Current library Shelving location Date acquired Serial Enumeration / chronology Koha item type
      Journals RRII Library RRII Library Agronomy 17/12/2021 Volume 18, Issue 4 Journals